| 000 | 00765nam a22001937a 4500 | ||
|---|---|---|---|
| 003 | 0 | ||
| 005 | 20250117102707.0 | ||
| 008 | 250117b xxu||||| |||| 00| 0 eng d | ||
| 050 |
_aHD 30.2 _bT92 2024 |
||
| 100 | _aTumayan, Rosevelita B. | ||
| 245 |
_aCustomization of OSticket support system for the MIS department of SISC(COSSMOS) _b a project management plan _cRosevelita B. Tumayan |
||
| 260 |
_aLas Pinas City _bSouthville International School and Colleges _c2024 |
||
| 300 |
_axi, 67 pages : _billustrations ; _c28cm. |
||
| 504 | _aIncludes bibliographical references and appendices. | ||
| 650 | _aHelp desk -- information technology support systems. | ||
| 650 | _aOSTicket--Project Management. | ||
| 650 | _aSoftware Customization. | ||
| 942 |
_2lcc _cTH |
||
| 999 |
_c367010 _d367010 |
||